| 000 | 00504nam a2200145 4500 | ||
|---|---|---|---|
| 082 | _aMSEE-6 MUN | ||
| 100 | _aHamnah Munir | ||
| 245 | _aGame-theory based capacity optimization of HetNets | ||
| 260 |
_aIslamabad _bNUST-SEECS _c 2016 |
||
| 300 |
_a64p. _eCD Includes |
||
| 856 | _uhttp://10.250.8.41:8080/xmlui/handle/123456789/8844 | ||
| 942 |
_2ddc _cTHE |
||
| 999 |
_c328942 _d328942 |
||